[Event "Campeonato de España Universitario 2008"]
[Site "Madrid ESP"]
[Date "2008.05.08"]
[Round "3.41"]
[White "Gonzalez Berruga, Ana Isabel"]
[Black "Krug Cortegoso, Rodolfo Martin"]
[Result "1/2-1/2"]
[WhiteElo "1986"]
[BlackElo "2154"]
[PlyCount "62"]
[EventDate "2008.05.08"]
[EventType "swiss"]
[EventRounds "9"]
[EventCountry "ESP"]
[Source "lmi"]
[SourceDate "2008.05.08"]

1. d4 d5 2. c4 Nc6 3. e3 e5 4. cxd5 Qxd5 5. Nc3 Bb4 6. Bd2 Bxc3 7. bxc3 Nf6 8.
c4 Qd6 9. d5 Nb8 10. Qc2 Nbd7 11. Nf3 O-O 12. Bc3 Re8 13. Be2 Nc5 14. Nd2 Bd7
15. Rb1 Ba4 16. Qf5 Nfd7 17. O-O Qg6 18. Qxg6 hxg6 19. Nf3 b6 20. Ba1 f6 21.
Bd1 Rad8 22. Bxa4 Nxa4 23. Rfd1 Ndc5 24. Ne1 Rd6 25. Nc2 a5 26. Na3 Red8 27. f3
R6d7 28. e4 Nb7 29. Kf2 Kf7 30. Ke3 Nd6 31. Rbc1 Nc5 1/2-1/2

[Event "Campeonato de España Universitario 2008"]
[Site "Madrid ESP"]
[Date "2008.05.08"]
[Round "3.42"]
[White "Jimenez Lopez, Antonio"]
[Black "Ceron Carrion, Cesar"]
[Result "1-0"]
[WhiteElo "2146"]
[BlackElo "1966"]
[PlyCount "49"]
[EventDate "2008.05.08"]
[EventType "swiss"]
[EventRounds "9"]
[EventCountry "ESP"]
[Source "lmi"]
[SourceDate "2008.05.08"]

1. e4 c5 2. Nf3 d6 3. c3 Nf6 4. h3 Nc6 5. Bd3 g6 6. O-O Bg7 7. Bc2 O-O 8. d4
cxd4 9. cxd4 Nb4 10. Bb3 d5 11. e5 Ne4 12. Nc3 Bf5 13. g4 Bc8 14. Nxe4 dxe4 15.
Ng5 Nd3 16. Be3 Nxb2 17. Qd2 Nd3 18. Nxe4 Bxe5 19. dxe5 Nxe5 20. Qxd8 Rxd8 21.
Rfd1 Bd7 22. f4 Bc6 23. fxe5 Bxe4 24. Rxd8+ Rxd8 25. Rd1 1-0

[Event "Campeonato de España Universitario 2008"]
[Site "Madrid ESP"]
[Date "2008.05.08"]
[Round "3.43"]
[White "Rodriguez Falcon, Jesus Manuel"]
[Black "Casanellas Ruano, Lluis"]
[Result "1-0"]
[WhiteElo "1981"]
[BlackElo "2146"]
[PlyCount "79"]
[EventDate "2008.05.08"]
[EventType "swiss"]
[EventRounds "9"]
[EventCountry "ESP"]
[Source "lmi"]
[SourceDate "2008.05.08"]

1. e4 c5 2. d3 g6 3. Nf3 Bg7 4. g3 Nc6 5. Bg2 d6 6. O-O e6 7. Nbd2 Nge7 8. Re1
O-O 9. c3 Rb8 10. a4 d5 11. e5 d4 12. Nc4 b6 13. Nd6 Ba6 14. Nb5 Qd7 15. c4 Bb7
16. Bf4 h6 17. h4 Nb4 18. Qd2 Kh7 19. Nd6 Nec6 20. Ne4 Na5 21. Ra3 Bxe4 22.
Rxe4 Rh8 23. Nh2 h5 24. Nf3 Nac6 25. Bh3 Rbe8 26. Ra1 a6 27. Rae1 Na5 28. Qd1
b5 29. axb5 axb5 30. b3 Na2 31. Qa1 Nc3 32. Qxa5 Ra8 33. Qb6 Rhc8 34. Ng5+ Kg8
35. Nxe6 Rc6 36. Nxc5 Qe8 37. Qb7 Rxc5 38. Rxd4 Qc6 39. Qxc6 Rxc6 40. Bg2 1-0

[Event "Campeonato de España Universitario 2008"]
[Site "Madrid ESP"]
[Date "2008.05.08"]
[Round "3.44"]
[White "Garcia Rodriguez, Vanessa"]
[Black "Ivanovitch Balsinde, Nicolas M"]
[Result "0-1"]
[WhiteElo "1967"]
[BlackElo "2141"]
[PlyCount "38"]
[EventDate "2008.05.08"]
[EventType "swiss"]
[EventRounds "9"]
[EventCountry "ESP"]
[Source "lmi"]
[SourceDate "2008.05.08"]

1. e4 e5 2. Nf3 Nc6 3. d4 exd4 4. Nxd4 Bc5 5. Be3 Qf6 6. c3 Nge7 7. Bc4 Ne5 8.
Be2 Qg6 9. O-O d6 10. f4 Qxe4 11. Qd2 Nd5 12. Bf2 Qxf4 13. Nb5 Bxf2+ 14. Rxf2
Qxd2 15. Nxd2 a6 16. Nd4 O-O 17. Raf1 c5 18. N4f3 Ne3 19. Re1 N5g4 0-1

[Event "Campeonato de España Universitario 2008"]
[Site "Madrid ESP"]
[Date "2008.05.08"]
[Round "3.45"]
[White "Ramos Del Campo, Alexander"]
[Black "Lorente Peñalba, Diego"]
[Result "1/2-1/2"]
[WhiteElo "1961"]
[BlackElo "2134"]
[PlyCount "128"]
[EventDate "2008.05.08"]
[EventType "swiss"]
[EventRounds "9"]
[EventCountry "ESP"]
[Source "lmi"]
[SourceDate "2008.05.08"]

1. e4 c5 2. Nf3 d6 3. d4 cxd4 4. Nxd4 Nf6 5. Nc3 g6 6. Be3 Bg7 7. Be2 O-O 8.
O-O Nc6 9. Qd2 Ng4 10. Nxc6 bxc6 11. Bxg4 Bxg4 12. h3 Be6 13. f4 Bc4 14. Rf3 d5
15. e5 Qa5 16. Qf2 Rab8 17. Bd4 Rfc8 18. Nd1 c5 19. Bc3 Qb6 20. Ne3 Bxa2 21.
Rxa2 d4 22. Bxd4 cxd4 23. Nd5 Qe6 24. Qxd4 Rxc2 25. Qxa7 Rcxb2 26. Rxb2 Rxb2
27. Nxe7+ Kf8 28. Rc3 Qb6+ 29. Qxb6 Rxb6 30. Nd5 Rb1+ 31. Kh2 Ke8 32. Rc8+ Kd7
33. Rg8 Bh6 34. Rh8 Ke6 35. Rxh7 Kxd5 36. Rxh6 Ke4 37. Kg3 Kf5 38. Rh7 Rb3+ 39.
Kh2 Kxf4 40. Rxf7+ Kxe5 41. Rf3 Rb5 42. h4 Ke6 43. g4 Ra5 44. g5 Ke7 45. Rf6
Ra2+ 46. Kg3 Ra3+ 47. Kg4 Ra4+ 48. Kg3 Ra3+ 49. Kg4 Ra4+ 50. Rf4 Ra1 51. Kf3
Ra3+ 52. Ke4 Ra4+ 53. Ke3 Ra3+ 54. Kd2 Ra2+ 55. Kc3 Ra3+ 56. Kb4 Rh3 57. Rc4
Kf7 58. Kc5 Kg7 59. Kd6 Rd3+ 60. Ke5 Rd7 61. Ke6 Ra7 62. Rd4 Ra1 63. Rd7+ Kg8
64. Re7 Rf1 1/2-1/2

[Event "Campeonato de España Universitario 2008"]
[Site "Madrid ESP"]
[Date "2008.05.08"]
[Round "3.46"]
[White "Cuenca Jimenez, Francisco Javier"]
[Black "Cruz Marquez, Francisco Cesar"]
[Result "1/2-1/2"]
[WhiteElo "2130"]
[BlackElo "1958"]
[PlyCount "95"]
[EventDate "2008.05.08"]
[EventType "swiss"]
[EventRounds "9"]
[EventCountry "ESP"]
[Source "lmi"]
[SourceDate "2008.05.08"]

1. c4 c6 2. Nf3 Nf6 3. g3 d6 4. Bg2 e5 5. O-O g6 6. d4 Nbd7 7. dxe5 dxe5 8. Nc3
Qc7 9. b3 Bg7 10. Ba3 Bf8 11. Bxf8 Kxf8 12. Qd2 Kg7 13. Rad1 Re8 14. Ng5 Nf8
15. Qd6 Qxd6 16. Rxd6 h6 17. Nge4 Nxe4 18. Nxe4 Bf5 19. Nc5 Bc8 20. e3 Rb8 21.
Rfd1 Ne6 22. Na4 Re7 23. Nc3 f5 24. b4 e4 25. Bf1 Ng5 26. Rd8 Ne6 27. R8d6 Ng5
28. Be2 Be6 29. Kg2 Nf7 30. R6d4 Rbe8 31. c5 h5 32. h4 Kh7 33. R1d2 Kg7 34. a4
Kf6 35. b5 Rb8 36. Rb2 Rc8 37. b6 axb6 38. Rxb6 Ra8 39. Rdb4 Ra7 40. f4 Rd7 41.
Kf2 Nd8 42. Bc4 Ra5 43. Bxe6 Kxe6 44. R4b5 Ra7 45. Rb4 Rd2+ 46. Ne2 Rc2 47. Rd4
Ke7 48. Rdb4 1/2-1/2

[Event "Campeonato de España Universitario 2008"]
[Site "Madrid ESP"]
[Date "2008.05.08"]
[Round "3.47"]
[White "Perez Garcia, Jose Miguel"]
[Black "Caravaca Aguirre, Antonio Miguel"]
[Result "1-0"]
[WhiteElo "1957"]
[BlackElo "2130"]
[PlyCount "65"]
[EventDate "2008.05.08"]
[EventType "swiss"]
[EventRounds "9"]
[EventCountry "ESP"]
[Source "lmi"]
[SourceDate "2008.05.08"]

1. d4 c5 2. dxc5 e6 3. Nc3 Nf6 4. e4 Qa5 5. Bd3 Bxc5 6. Nge2 Nc6 7. O-O O-O 8.
Bd2 Qc7 9. Bf4 e5 10. Bg5 Ne8 11. Nd5 Qb8 12. Nec3 h6 13. Bd2 d6 14. Qh5 Kh7
15. Kh1 Nb4 16. f4 g6 17. Qh4 Nxd3 18. fxe5 h5 19. Qg5 dxe5 20. cxd3 Qd6 21. b4
Bb6 22. Ne7 Qxe7 23. Qxe7 Kg8 24. Qxe5 Bc7 25. Qg5 Be6 26. d4 Bd8 27. Qh6 Bc4
28. e5 Bxf1 29. Rxf1 Ng7 30. Ne4 Ne6 31. d5 Ng7 32. Bg5 Re8 33. Bf6 1-0

[Event "Campeonato de España Universitario 2008"]
[Site "Madrid ESP"]
[Date "2008.05.08"]
[Round "3.48"]
[White "Amate Tortosa, Bernardo"]
[Black "Delgado Lozano, Andres"]
[Result "1-0"]
[WhiteElo "2116"]
[BlackElo "1951"]
[PlyCount "85"]
[EventDate "2008.05.08"]
[EventType "swiss"]
[EventRounds "9"]
[EventCountry "ESP"]
[Source "lmi"]
[SourceDate "2008.05.08"]

1. e4 c6 2. d4 d5 3. exd5 cxd5 4. c4 e6 5. Nc3 Nf6 6. Nf3 Be7 7. a3 O-O 8. c5
a5 9. Rb1 Nbd7 10. Bd3 e5 11. dxe5 Ng4 12. Bf4 Nxc5 13. Bc2 Ne4 14. Nxe4 dxe4
15. Bxe4 f6 16. exf6 Nxf6 17. Qb3+ Kh8 18. Bxb7 Bxb7 19. Qxb7 Ng4 20. Be3 Nxe3
21. fxe3 Bh4+ 22. Ke2 Rb8 23. Qe4 Bf6 24. Rhd1 Qb6 25. b4 Rfe8 26. Qd3 Rbd8 27.
Qb3 Qb5+ 28. Kf2 a4 29. Qc2 Rc8 30. Qd3 Qb6 31. Nd4 Bg5 32. Re1 Qh6 33. Nf3 Bf6
34. Rec1 Rcd8 35. Qe2 Qg6 36. Rc2 Rd3 37. Rbc1 Qe4 38. Rc8 Rxa3 39. Qb5 Rxe3
40. Qd7 Re2+ 41. Kf1 Qe3 42. Rxe8+ Qxe8 43. Rc8 1-0

[Event "Campeonato de España Universitario 2008"]
[Site "Madrid ESP"]
[Date "2008.05.08"]
[Round "3.49"]
[White "Cabo Alvarez, Christian"]
[Black "Acuña Celada, Ivan"]
[Result "1/2-1/2"]
[WhiteElo "1946"]
[BlackElo "2114"]
[PlyCount "74"]
[EventDate "2008.05.08"]
[EventType "swiss"]
[EventRounds "9"]
[EventCountry "ESP"]
[Source "lmi"]
[SourceDate "2008.05.08"]

1. e4 c5 2. Nc3 e6 3. g3 Nc6 4. Bg2 g6 5. d3 Bg7 6. Be3 d6 7. Qd2 h6 8. Nge2
Nge7 9. O-O Nd4 10. Nc1 Rb8 11. Nd1 b5 12. c3 Ndc6 13. f4 f5 14. d4 cxd4 15.
cxd4 O-O 16. Rb1 Na5 17. b3 fxe4 18. Bxe4 Bb7 19. Bxb7 Rxb7 20. Ne2 Nd5 21. Bf2
Nc6 22. Ne3 Nf6 23. Qc2 Ne7 24. Rbc1 Kh7 25. g4 Nfd5 26. Qe4 Qd7 27. Bh4 Nxe3
28. Qxe3 Nd5 29. Qe4 Nf6 30. Bxf6 Rxf6 31. h4 d5 32. Qd3 e5 33. fxe5 Qxg4+ 34.
Qg3 Qxg3+ 35. Nxg3 Rff7 36. Rcd1 g5 37. hxg5 hxg5 1/2-1/2

[Event "Campeonato de España Universitario 2008"]
[Site "Madrid ESP"]
[Date "2008.05.08"]
[Round "3.50"]
[White "Valles Mata, David"]
[Black "Pitarch Miguel, Pablo"]
[Result "1-0"]
[WhiteElo "2113"]
[BlackElo "1944"]
[PlyCount "73"]
[EventDate "2008.05.08"]
[EventType "swiss"]
[EventRounds "9"]
[EventCountry "ESP"]
[Source "lmi"]
[SourceDate "2008.05.08"]

1. d4 Nf6 2. Nf3 e6 3. e3 c5 4. c3 b6 5. Bd3 Bb7 6. Nbd2 cxd4 7. exd4 Be7 8.
O-O O-O 9. Qe2 d6 10. Re1 Nbd7 11. Ng5 h6 12. Nxe6 fxe6 13. Qxe6+ Rf7 14. Bg6
Bd5 15. Bxf7+ Kf8 16. Qxe7+ Qxe7 17. Rxe7 Kxe7 18. Bxd5 Nxd5 19. Ne4 N7f6 20.
Nxf6 Kxf6 21. Bd2 Re8 22. Kf1 a6 23. Re1 Rxe1+ 24. Kxe1 b5 25. Ke2 Kf5 26. Kf3
g5 27. h3 Nf6 28. b3 d5 29. g4+ Kg6 30. Ke3 h5 31. f3 hxg4 32. hxg4 Ne8 33. f4
gxf4+ 34. Kxf4 Nf6 35. Ke5 Ne4 36. Be1 Nf6 37. g5 1-0

[Event "Campeonato de España Universitario 2008"]
[Site "Madrid ESP"]
[Date "2008.05.08"]
[Round "3.51"]
[White "Peiro Ibañez, Felipe"]
[Black "Tierraseca Montero, Pablo"]
[Result "0-1"]
[WhiteElo "1930"]
[BlackElo "2111"]
[PlyCount "52"]
[EventDate "2008.05.08"]
[EventType "swiss"]
[EventRounds "9"]
[EventCountry "ESP"]
[Source "lmi"]
[SourceDate "2008.05.08"]

1. e4 c5 2. Nf3 d6 3. d4 cxd4 4. Nxd4 Nf6 5. Nc3 a6 6. Be2 e6 7. O-O Be7 8. Bg5
O-O 9. Re1 Nbd7 10. Bf3 Qc7 11. Qe2 Ne5 12. Rad1 b5 13. a3 Bb7 14. Qe3 Nc4 15.
Qc1 Rab8 16. Be2 Nxa3 17. Qe3 Nc4 18. Bxc4 Qxc4 19. f3 Qc5 20. Kh1 Ng4 21. fxg4
Bxg5 22. Qf2 e5 23. Rf1 exd4 24. Rxd4 Bf6 25. Rd3 Qxf2 26. Rxf2 Bxc3 0-1

[Event "Campeonato de España Universitario 2008"]
[Site "Madrid ESP"]
[Date "2008.05.08"]
[Round "3.52"]
[White "Ruiz Garcia, Mario"]
[Black "Marco Francisco, Miriam"]
[Result "1-0"]
[WhiteElo "2107"]
[BlackElo "1920"]
[PlyCount "25"]
[EventDate "2008.05.08"]
[EventType "swiss"]
[EventRounds "9"]
[EventCountry "ESP"]
[Source "lmi"]
[SourceDate "2008.05.08"]

1. d4 d5 2. c4 c6 3. Nf3 Nf6 4. Nc3 Bf5 5. Nh4 Bg6 6. Nxg6 hxg6 7. Qb3 Qd7 8.
cxd5 Nxd5 9. e4 Nf6 10. d5 a5 11. Bc4 Na6 12. dxc6 Qxc6 13. Bb5 1-0

[Event "Campeonato de España Universitario 2008"]
[Site "Madrid ESP"]
[Date "2008.05.08"]
[Round "3.53"]
[White "Gueler Verdasco, Martin"]
[Black "Cabrero De Cabo, Miguel"]
[Result "0-1"]
[WhiteElo "1887"]
[BlackElo "2102"]
[PlyCount "119"]
[EventDate "2008.05.08"]
[EventType "swiss"]
[EventRounds "9"]
[EventCountry "ESP"]
[Source "lmi"]
[SourceDate "2008.05.08"]

1. d4 f5 2. g3 Nf6 3. Bg2 g6 4. Nd2 Bg7 5. e4 fxe4 6. Nxe4 Nxe4 7. Bxe4 d5 8.
Bg2 Nc6 9. c3 O-O 10. Nh3 Bxh3 11. Bxh3 e5 12. dxe5 Nxe5 13. O-O Nf3+ 14. Kh1
c6 15. Bg2 Ne5 16. b3 Qd7 17. f4 Ng4 18. Bh3 Nf2+ 19. Rxf2 Qxh3 20. Bd2 Rae8
21. Qf1 Qf5 22. Rc1 Re4 23. Re2 Rfe8 24. Rce1 c5 25. c4 Rxe2 26. Rxe2 Re4 27.
Qg2 Rxe2 28. Qxe2 Qe4+ 29. Qxe4 dxe4 30. Kg1 Bd4+ 31. Kf1 Kf7 32. Ke2 b6 33. h3
Ke6 34. b4 cxb4 35. Bxb4 Kf5 36. Bd2 h5 37. Be3 Bb2 38. c5 bxc5 39. Bxc5 h4 40.
gxh4 a6 41. Be3 Bf6 42. h5 gxh5 43. Kf2 Bh4+ 44. Kg2 Be1 45. Bc5 Kxf4 46. Kf1
Bc3 47. Ke2 Be5 48. a4 Kf5 49. Ke3 Bf4+ 50. Ke2 Ke5 51. a5 Kd5 52. Bb6 Bd6 53.
Bd8 Bc5 54. Bf6 Kc4 55. h4 Kb5 56. Bd8 Bb4 57. Ke3 Bxa5 58. Bg5 Kc4 59. Kxe4
Bb6 60. Kf5 0-1

[Event "Campeonato de España Universitario 2008"]
[Site "Madrid ESP"]
[Date "2008.05.08"]
[Round "3.65"]
[White "Martinez Sanchez, Carmen"]
[Black "Alcazar Jimenez, Jesus Alberto"]
[Result "1-0"]
[WhiteElo "1907"]
[BlackElo "2247"]
[PlyCount "85"]
[EventDate "2008.05.08"]
[EventType "swiss"]
[EventRounds "9"]
[EventCountry "ESP"]
[Source "lmi"]
[SourceDate "2008.05.08"]

1. e4 c5 2. Nf3 d6 3. d4 cxd4 4. Nxd4 Nf6 5. Nc3 a6 6. Be2 e5 7. Nf3 h6 8. O-O
Be6 9. h3 Be7 10. Be3 O-O 11. Qd2 Nbd7 12. a4 Rc8 13. a5 Qc7 14. Rfc1 Nc5 15.
Bd3 Qc6 16. Bxc5 Qxc5 17. Na4 Qc6 18. Nb6 Rcd8 19. Qe2 Nd7 20. Nxd7 Qxd7 21. c4
f5 22. exf5 Bxf5 23. Bxf5 Qxf5 24. b4 Rf7 25. Rab1 Rdf8 26. Rf1 g5 27. Rb3 g4
28. Nh2 gxh3 29. Rxh3 Rg7 30. Rf3 Qg6 31. Rg3 Qf7 32. Rxg7+ Kxg7 33. Qe4 Bg5
34. Nf3 Qe7 35. Nxg5 hxg5 36. Rd1 Rf7 37. Qd5 Rf6 38. b5 Qf7 39. bxa6 bxa6 40.
Qc6 Qa7 41. Qb6 Qxb6 42. axb6 d5 43. c5 1-0

[Event "Campeonato de España Universitario 2008"]
[Site "Madrid ESP"]
[Date "2008.05.08"]
[Round "3.66"]
[White "Mancha Otano, Aritz"]
[Black "Schneider Sanchez, Carlos D"]
[Result "1/2-1/2"]
[WhiteElo "1989"]
[BlackElo "2105"]
[PlyCount "94"]
[EventDate "2008.05.08"]
[EventType "swiss"]
[EventRounds "9"]
[EventCountry "ESP"]
[Source "lmi"]
[SourceDate "2008.05.08"]

1. d4 d6 2. e4 g6 3. Nf3 Bg7 4. Bc4 c5 5. O-O cxd4 6. Nxd4 Nf6 7. Nc3 O-O 8. f3
Qb6 9. Be3 Nc6 10. Bf2 Nxe4 11. fxe4 Bxd4 12. Bxd4 Qxd4+ 13. Qxd4 Nxd4 14. Nd5
Nc6 15. Bb5 e6 16. Nf6+ Kg7 17. Rad1 Rd8 18. Rxd6 Rxd6 19. Ne8+ Kf8 20. Nxd6
Ne5 21. b3 Ke7 22. Nc4 Nxc4 23. Bxc4 Bd7 24. Kf2 Bc6 25. Ke3 Rd8 26. Be2 e5 27.
Rd1 Rxd1 28. Bxd1 f5 29. Bf3 f4+ 30. Kd3 Kd6 31. c4 Kc5 32. a3 a5 33. Bg4 b5
34. Be6 b4 35. a4 Kd6 36. Bd5 Bd7 37. Bg8 h6 38. Bf7 g5 39. Bg6 Kc5 40. Bf5 Be8
41. h3 Bc6 42. Bg4 Be8 43. Bf5 h5 44. Be6 Bg6 45. Bf5 Be8 46. Be6 Kd6 47. Bf5
Kc5 1/2-1/2

[Event "Campeonato de España Universitario 2008"]
[Site "Madrid ESP"]
[Date "2008.05.08"]
[Round "3.67"]
[White "Garcia Gil, Jesus"]
[Black "Garcia Bernardez, Jaime"]
[Result "0-1"]
[WhiteElo "1795"]
[BlackElo "2038"]
[PlyCount "40"]
[EventDate "2008.05.08"]
[EventType "swiss"]
[EventRounds "9"]
[EventCountry "ESP"]
[Source "lmi"]
[SourceDate "2008.05.08"]

1. e4 d6 2. d4 Nf6 3. Bd3 e5 4. c3 Nc6 5. Be3 d5 6. Nd2 exd4 7. cxd4 dxe4 8.
Nxe4 Nxe4 9. Bxe4 Bb4+ 10. Kf1 Bd7 11. d5 Ne5 12. Bd4 Bb5+ 13. Ne2 Qe7 14. g3
Nc4 15. Bf3 Nd2+ 16. Kg2 Nxf3 17. Kxf3 O-O 18. Nc3 Bxc3 19. bxc3 Bc4 20. Bxg7
Kxg7 0-1

[Event "Campeonato de España Universitario 2008"]
[Site "Madrid ESP"]
[Date "2008.05.08"]
[Round "3.69"]
[White "Pascual Palomo, Lucia"]
[Black "Gomez Peco, David"]
[Result "0-1"]
[WhiteElo "2106"]
[BlackElo "1980"]
[PlyCount "71"]
[EventDate "2008.05.08"]
[EventType "swiss"]
[EventRounds "9"]
[EventCountry "ESP"]
[Source "lmi"]
[SourceDate "2008.05.08"]

1. e4 c5 2. Nf3 e6 3. d3 Nc6 4. c3 Nf6 5. g3 d5 6. Nbd2 Be7 7. Bg2 O-O 8. O-O
Qb6 9. e5 Nd7 10. Re1 h6 11. Nf1 f6 12. exf6 Rxf6 13. Ne3 Nf8 14. Ng4 Rg6 15.
Nfe5 Nxe5 16. Nxe5 Rf6 17. a4 Ng6 18. Nxg6 Rxg6 19. Qh5 Rf6 20. Bxd5 exd5 21.
Rxe7 Bf5 22. a5 Qb5 23. g4 Be6 24. Qe5 Qxd3 25. Bxh6 Bf7 26. Bg5 Rc6 27. Re1 d4
28. cxd4 cxd4 29. Qf4 Rf8 30. Rxb7 Bd5 31. Qe5 Bf7 32. Re7 Rc2 33. Qg3 Qb5 34.
Rxa7 Qxg5 35. b4 Bc4 36. f3 0-1

[Event "Campeonato de España Universitario 2008"]
[Site "Madrid ESP"]
[Date "2008.05.09"]
[Round "4.1"]
[White "Perez Candelario, Manuel"]
[Black "Rabadan Velasco, Raul"]
[Result "0-1"]
[WhiteElo "2537"]
[BlackElo "2309"]
[PlyCount "88"]
[EventDate "2008.05.08"]
[EventType "swiss"]
[EventRounds "9"]
[EventCountry "ESP"]
[Source "lmi"]
[SourceDate "2008.05.08"]

1. e4 c5 2. Nf3 d6 3. d4 cxd4 4. Nxd4 Nf6 5. Nc3 a6 6. Qe2 e5 7. Nf3 Be7 8. Bg5
Be6 9. O-O-O Nbd7 10. Bxf6 Nxf6 11. Nxe5 Rc8 12. Nd3 Qa5 13. Qe1 b5 14. a3 Rxc3
15. Qxc3 Qxc3 16. bxc3 Nxe4 17. Re1 d5 18. f3 Bxa3+ 19. Kd1 Nxc3+ 20. Kd2 Na4
21. f4 O-O 22. Ra1 Bd6 23. g3 a5 24. Be2 Rc8 25. Rhf1 Bh3 26. Rfe1 Nb6 27. Bf3
Be6 28. Re2 g6 29. Ke1 Nc4 30. Ne5 Bb4+ 31. Kf2 Na3 32. Rc1 Rc3 33. Nd3 Bd6 34.
g4 b4 35. f5 gxf5 36. gxf5 Bxf5 37. Re8+ Kg7 38. Rd8 Nc4 39. Ne1 Bc5+ 40. Kg3
d4 41. Kf4 Kf6 42. Kg3 Ne5 43. Kg2 b3 44. Bd5 bxc2 0-1

[Event "Campeonato de España Universitario 2008"]
[Site "Madrid ESP"]
[Date "2008.05.09"]
[Round "4.2"]
[White "Montero Melendez, Rafael"]
[Black "Ibarra Jerez, Jose Carlos"]
[Result "0-1"]
[WhiteElo "2295"]
[BlackElo "2496"]
[PlyCount "86"]
[EventDate "2008.05.08"]
[EventType "swiss"]
[EventRounds "9"]
[EventCountry "ESP"]
[Source "lmi"]
[SourceDate "2008.05.08"]

1. d4 Nf6 2. c4 d6 3. Nf3 g6 4. Nc3 Bf5 5. Bf4 Bg7 6. e3 O-O 7. Be2 Nc6 8. h3
Re8 9. O-O e5 10. Bh2 exd4 11. exd4 Ne4 12. Nd5 Nf6 13. Nc3 h6 14. d5 Nb4 15.
Nd4 Bd7 16. Bf3 Nh7 17. a3 Bxd4 18. axb4 Qf6 19. Ra3 Ng5 20. Bg4 Bxg4 21. hxg4
Ne4 22. Nxe4 Rxe4 23. Rh3 Rae8 24. Qf3 Rxg4 25. Qxf6 Bxf6 26. b3 h5 27. Rd3
Rge4 28. c5 Be5 29. Bxe5 R8xe5 30. f4 Rf5 31. g3 Rxb4 32. cxd6 cxd6 33. Rc1 h4
34. Rc8+ Kg7 35. Rd8 hxg3 36. Rxd6 Rfxf4 37. Kg2 Rbd4 38. Re3 Rf5 39. Rd7 Rdxd5
40. Rxb7 a5 41. Kxg3 Rg5+ 42. Kf3 Rdf5+ 43. Ke2 Re5 0-1

[Event "Campeonato de España Universitario 2008"]
[Site "Madrid ESP"]
[Date "2008.05.09"]
[Round "4.3"]
[White "Fidalgo Fernandez, Javier"]
[Black "Rodriguez Guerrero, Enrique"]
[Result "1/2-1/2"]
[WhiteElo "2280"]
[BlackElo "2457"]
[PlyCount "77"]
[EventDate "2008.05.08"]
[EventType "swiss"]
[EventRounds "9"]
[EventCountry "ESP"]
[Source "lmi"]
[SourceDate "2008.05.08"]

1. d4 Nf6 2. Nf3 c5 3. dxc5 Na6 4. c4 Nxc5 5. Nc3 d6 6. b4 Ncd7 7. Bb2 b6 8. e4
Bb7 9. Bd3 e6 10. O-O Be7 11. Re1 O-O 12. Qb3 Ng4 13. Be2 Rc8 14. Nd4 h5 15. h3
Ngf6 16. Bf1 Qc7 17. f4 a5 18. a3 Ba6 19. Ncb5 Qb8 20. Qe3 Rfe8 21. e5 dxe5 22.
fxe5 Nh7 23. Bc3 Bh4 24. Nd6 Bxe1 25. Rxe1 axb4 26. axb4 Rf8 27. Nxc8 Rxc8 28.
Nb5 Bxb5 29. cxb5 Nhf8 30. Rd1 Qc7 31. Bb2 Ng6 32. Rd6 Ne7 33. Bd3 Nd5 34. Qe4
Nf8 35. Rc6 Qd7 36. Rxc8 Qxc8 37. Qd4 Qd8 38. Be4 Ng6 39. Bf3 1/2-1/2

[Event "Campeonato de España Universitario 2008"]
[Site "Madrid ESP"]
[Date "2008.05.09"]
[Round "4.5"]
[White "Cruz Alvarez De Ron, Dan"]
[Black "Llaneza Vega, Marcos"]
[Result "0-1"]
[WhiteElo "2269"]
[BlackElo "2425"]
[PlyCount "86"]
[EventDate "2008.05.08"]
[EventType "swiss"]
[EventRounds "9"]
[EventCountry "ESP"]
[Source "lmi"]
[SourceDate "2008.05.08"]

1. Nf3 Nf6 2. c4 g6 3. b4 Bg7 4. Bb2 O-O 5. e3 a5 6. b5 b6 7. d4 Bb7 8. a4 d6
9. Nbd2 Nbd7 10. Qc2 Re8 11. Be2 e5 12. dxe5 dxe5 13. O-O Qe7 14. Ba3 Qe6 15.
Ng5 Qf5 16. Qxf5 gxf5 17. Rfd1 Rad8 18. Rac1 Bf8 19. Bxf8 Kxf8 20. Nb3 h6 21.
c5 Nxc5 22. Rxd8 Rxd8 23. Nxc5 bxc5 24. Nf3 Bxf3 25. gxf3 Nd7 26. Bd3 Nb6 27.
Bxf5 c4 28. Bh3 Rd5 29. Bf5 Ke7 30. Kf1 Kd6 31. Ke2 Kc5 32. Be4 Rd8 33. Bc2 f6
34. Bd1 Rd3 35. Ra1 Nd5 36. Bc2 Rc3 37. Kd2 Kb4 38. Rb1+ Rb3 39. Bxb3 cxb3 40.
Rg1 Kxa4 41. e4 Nf4 42. Rc1 b2 43. Rb1 Kb3 0-1

[Event "Campeonato de España Universitario 2008"]
[Site "Madrid ESP"]
[Date "2008.05.09"]
[Round "4.6"]
[White "Martinez Martin, David"]
[Black "Serna Lara, Sergio"]
[Result "1-0"]
[WhiteElo "2424"]
[BlackElo "2248"]
[PlyCount "48"]
[EventDate "2008.05.08"]
[EventType "swiss"]
[EventRounds "9"]
[EventCountry "ESP"]
[Source "lmi"]
[SourceDate "2008.05.08"]

1. e4 e6 2. d4 d5 3. e5 c5 4. c3 Nc6 5. Nf3 Nge7 6. Na3 cxd4 7. cxd4 Nf5 8. Nc2
Be7 9. Bd3 O-O 10. O-O f6 11. g4 Nh6 12. exf6 Rxf6 13. g5 Rxf3 14. Qxf3 Bxg5
15. Kh1 Bd7 16. Rg1 Bxc1 17. Raxc1 Qe7 18. Qh5 Kh8 19. Rg3 Nf5 20. Rh3 g6 21.
Qxg6 e5 22. Ne3 Ncxd4 23. Nxd5 Qg7 24. Qxg7+ Kxg7 1-0

[Event "Campeonato de España Universitario 2008"]
[Site "Madrid ESP"]
[Date "2008.05.09"]
[Round "4.7"]
[White "Alarcia Astiz, Carlos"]
[Black "Gonzalez Somoza, Oliver"]
[Result "1-0"]
[WhiteElo "2191"]
[BlackElo "2333"]
[PlyCount "127"]
[EventDate "2008.05.08"]
[EventType "swiss"]
[EventRounds "9"]
[EventCountry "ESP"]
[Source "lmi"]
[SourceDate "2008.05.08"]

1. e4 c5 2. Nf3 e6 3. d3 d5 4. Nbd2 Nc6 5. g3 Nf6 6. Bg2 Be7 7. O-O O-O 8. Re1
Qc7 9. c3 b5 10. e5 Nd7 11. Qe2 a5 12. Nf1 Ba6 13. Bf4 Rfd8 14. Ne3 Nf8 15. h4
Rac8 16. d4 Qb6 17. Red1 b4 18. Qd2 bxc3 19. bxc3 cxd4 20. cxd4 Rb8 21. Bf1
Bxf1 22. Nxf1 Bb4 23. Qd3 Qb5 24. Rab1 Qxd3 25. Rxd3 a4 26. Bd2 Be7 27. Rc1 Nb4
28. Ra3 Ra8 29. Rc7 Rd7 30. Rxd7 Nxd7 31. Rc3 Nb6 32. Rc7 Bd8 33. Rc1 Nd3 34.
Rb1 Nc4 35. Bc3 a3 36. N1d2 Ncb2 37. Ne1 Nxe1 38. Rxe1 Rc8 39. Nb1 Be7 40. Rc1
Nc4 41. Kf1 Kf8 42. Ke2 Ke8 43. Nd2 Kd7 44. Nb3 Nb6 45. Ba5 Rxc1 46. Nxc1 Nc4
47. Bc3 Kc6 48. Kd3 Kb5 49. Kc2 Bb4 50. Bxb4 Kxb4 51. Nd3+ Ka4 52. Nc5+ Kb4 53.
Nb7 f6 54. f4 Ne3+ 55. Kd3 Nf1 56. Nd8 Nxg3 57. Nxe6 Nf5 58. Nc7 Ne7 59. h5 Ka5
60. h6 fxe5 61. hxg7 e4+ 62. Ke2 h5 63. f5 h4 64. f6 1-0